| 000 | 00858nas a2200289 4500 | ||
|---|---|---|---|
| 001 | BR9206839 | ||
| 003 | BR-BrBNA | ||
| 005 | 20231205092958.0 | ||
| 007 | ta | ||
| 008 | 230509b bl.|||p| |||| 00| 00por d | ||
| 040 |
_aBR-BrBNA _bpor _cBiblioteca Nacional de Agricultura |
||
| 041 | _a(En) | ||
| 072 | _aL73 | ||
| 100 | 1 | _aAvila, F.A. | |
| 100 | 1 | _aIturrino, R.P.S. | |
| 100 | 1 | _aLallier, R. | |
| 100 | 1 | _aAvila, S.H.P. | |
| 100 | 1 | _aQuintana, J.L. | |
| 245 | 1 | _aEscherichia coli isolated from calves with diarrhea in the Northern Region of state of Sao Paulo, Brazil | |
| 650 | _aBEZERRO | ||
| 650 | _aDIARREIA | ||
| 650 | _aIMUNOFLUORESCENCIA | ||
| 650 | _aSAO PAULO | ||
| 773 | 0 |
_tArs Veterinaria (Brazil) _xISSN 0102-6380 _g(Dec 1988), v. 4(2) p. 285-290 _wBR9206839 |
|
| 909 |
_a202311 _bLúcia _c55 _dLúcia Elande |
||
| 942 |
_2AGRIS _n0 _cANA |
||
| 999 |
_c135521 _d135521 |
||